Code of safety for Fishermen and fishing vessels 2005
The purpose of part B of the Code is to provide information on the design, construction, and equipment of fishing vessels with a view to promoting the safety of fishing vessels and safety and health of the crew. The Code is not a substitute for national laws and regulations nor is it a substitute fo...
Salvato in:
| Ente Autore: | |
|---|---|
| Natura: | Libro |
| Lingua: | Undetermined |
| Pubblicazione: |
London
International Maritime Organization
2006
|
| Soggetti: | |
| Tags: |
Aggiungi Tag
Nessun Tag, puoi essere il primo ad aggiungerne! !
|
| Thư viện lưu trữ: | Trung tâm Học liệu Trường Đại học Cần Thơ |
|---|
| LEADER | 01305nam a2200205Ia 4500 | ||
|---|---|---|---|
| 001 | CTU_172927 | ||
| 008 | 210402s9999 xx 000 0 und d | ||
| 082 | |a 363.1196392 | ||
| 082 | |b F686/P.B | ||
| 110 | |a Food and Agriculture Organization of the United Nations | ||
| 245 | 0 | |a Code of safety for Fishermen and fishing vessels 2005 | |
| 245 | 0 | |c Food and Agriculture Organization of the United Nations, International Maritime Organization | |
| 260 | |a London | ||
| 260 | |b International Maritime Organization | ||
| 260 | |c 2006 | ||
| 520 | |a The purpose of part B of the Code is to provide information on the design, construction, and equipment of fishing vessels with a view to promoting the safety of fishing vessels and safety and health of the crew. The Code is not a substitute for national laws and regulations nor is it a substitute for the provision of international instruments in relation to safety of fishing vessels and crew although it may serve as a guide to those concerned with framing such national laws and regulations. | ||
| 650 | |a Fisheries,Fishing boats,Nghề cá,Tàu đánh cá | ||
| 650 | |x Safety measures,Safety measures,Biện pháp an toàn,Biện pháp an toàn | ||
| 904 | |i Huyen, K.Mi, Năm | ||
| 980 | |a Trung tâm Học liệu Trường Đại học Cần Thơ | ||